| 000 | 00982nam a22002177a 4500 | ||
|---|---|---|---|
| 999 |
_c18863 _d18863 |
||
| 003 | AR-CdUCM | ||
| 008 | 190515b ||||| |||| 00| 0 spa d | ||
| 040 |
_aMUNICIPALIDAD PROVINCIAL DEL CUSCO _cBIBLIOTECA MUNICIPAL DEL CUSCO |
||
| 082 |
_a985.61 / _bP21 |
||
| 100 |
_aPalomino, Enrrique _930233 |
||
| 245 |
_aQosqo, centro del mundo : _buna visión Cusqueña global del origen, grandeza y caída de la capital del Tawantinsuyo / |
||
| 260 |
_aCusco : _bMunicipalidad del Qosqo, _c1993. |
||
| 300 |
_a154 páginas ; _bilustraciones, mapa, _c21 cm. |
||
| 505 | _aContenido: Aspectos generales -- La fundación del Qosqo imperial -- Grandeza del Qosqo -- La ciudad puma, la primera ciudad planificada del mundo -- La organización para el desarrollo -- El avance en sus ciencias y técnicas ... | ||
| 650 |
_aHistoria _9136 |
||
| 650 |
_aMaravilla _939740 |
||
| 650 |
_aCusco _9772 |
||
| 710 |
_aMunicipalidad del Qosqo. _96414 |
||
| 942 |
_2ddc _cLIBROS |
||
| 945 |
_aachl _d2019-05-15 |
||